000 00599nam a2200181 i 4500
001 66254
003 ES-MaACL
005 20230906165559.0
007 t|
008 040129s1970 sp ||||1| spa d
100 1 _aGalbraith, John Kenneth.
_953345
245 1 0 _aDiario de un embajador
_b: un relato personal de los años Kennedy /
_cJohn Kenneth Galbraith ; [traducción de Francisco Elías].
250 _a[1ª ed.].
260 _a[Barcelona] :
_bPlaza & Janés,
_c[1970]
300 _a678 p., 16 lám. ;
_c20 cm.
700 1 _aElías, Francisco.
_946960
852 _aES-MaACL
_jC-39811
_bR.74535
999 _c66254
_d66254